El reto de negociar la paz en Colombia : lecciones aprendidas /

Bibliographic Details
Main Authors: García-Durán, Mauricio (Author, Editor), Grabe, Vera, 1951- (Author), Patiño, Otty (Author)
Format: Electronic eBook
Language:Spanish
Published: Santiago de Cali : Pontificia Universidad Javeriana Cali, 2024.
Subjects:
Online Access:Digitalia Hispánica

MARC

LEADER 00000nam a2200000Ii 4500
001 DIGEPUJ0483
003 NyNyDIG
006 m o d
007 cr |||||||||||
008 250404s2024 ck ob 000 0 spa d
035 |a (OCoLC)1484738951 
040 |a DGITA  |b eng  |e rda  |e pn  |c DGITA 
020 |a 9786287709539  |q eBook 
020 |z 9786287709515 
043 |a s-ck--- 
050 1 4 |a F2279 ebook 
100 1 |a García-Durán, Mauricio,  |e author,  |e editor. 
245 1 3 |a El reto de negociar la paz en Colombia :  |b lecciones aprendidas /  |c Mauricio García Durán, S.J. (compilador), Vera Grabe Loewenherz, Otty Patiño Hormaza. 
264 1 |a Santiago de Cali :  |b Pontificia Universidad Javeriana Cali,  |c 2024. 
300 |a 1 online resource. 
336 |a text  |b txt  |2 rdacontent 
337 |a computer  |b c  |2 rdamedia 
338 |a online resource  |b cr  |2 rdacarrier 
347 |a text file  |2 rdaft 
347 |b PDF 
504 |a Includes bibliographical references. 
588 0 |a Online resource; title from PDF title page (Digitalia, viewed April 4, 2025) 
650 0 |a Peace-building  |z Colombia. 
650 0 |a Social conflict  |z Colombia. 
650 0 |a Guerrillas  |z Colombia. 
700 1 |a Grabe, Vera,  |d 1951-  |e author. 
700 1 |a Patiño, Otty,  |e author. 
791 2 |a Digitalia (Firm),  |e distributor. 
793 0 |g Digitalia eBook Collection:  |a Pontificia Universidad Javeriana 
776 0 8 |i Print version:  |a García-Durán, Mauricio.  |t Reto de negociar la paz en Colombia.  |d Santiago de Cali : Pontificia Universidad Javeriana Cali, 2024  |z 9786287709515 
856 4 0 |3 Digitalia Hispánica  |u https://www.digitaliapublishing.com/a/171523/ 
910 |a Premium collection: 2025